000 00413nam a2200157Ia 4500
003 GCL
008 140319s9999 xx 000 0 eng d
040 _aGCL /
_cGCL
082 0 4 _a782.1
_bL O
100 1 _aLINDENBERGER, HERBERT
245 1 0 _aOPERA: THE EXTRAVAGANT ART /
_cLINDENBERGER, HERBERT
260 _a[S.N] :
_bCORNELL UNIVERSITY PRESS ،
_c1992
300 _a297
650 0 4 _aOPERA
942 _2ddc
_cBK
999 _c24657
_d24657